000 00888nam a2200349 a 4500
001 37973
003 AR-BaAGN
005 20250123062531.0
007 ta
008 220625s1995 ag |||||r|||| ||||||spa d
020 _a950-12-2702-2
040 _dAR-BaAGN
_aAR-BaAGN
_bspa
_eaacr
100 1 _aRivera, Jorge B.
245 1 0 _aEl periodismo cultural
250 _a1ª ed.
260 _aBuenos Aires :
_bPaidós,
_c1995.
300 _a217 páginas
336 _2rdacontent
_btxt
337 _2rdamedia
_bn
338 _2rdacarrier
_bnc
490 0 _aEstudios de comunicación
650 4 _aCULTURA
_91630
650 4 _aPRENSA
_91927
650 4 _aESCRITORES
_91676
650 4 _aTELECOMUNICACIONES
_91539
650 4 _aPERIODISMO
_91897
942 _cLIBRO
999 _c37973
_d37973